[Event "2nd Hyderabad GM Open 2013"]
[Site "Hyderabad IND"]
[Date "2013.11.27"]
[Round "4.6"]
[White "Neelotpal,D"]
[Black "Gagunashvili,M"]
[Result "0-1"]
[WhiteElo "2445"]
[BlackElo "2556"]

1.d4 Nf6 2.c4 c5 3.d5 e6 4.Nc3 exd5 5.cxd5 d6 6.Nf3 g6 7.e4 a6 8.h3 b5 9.Bd3 Bg7
10.Bf4 O-O 11.O-O Re8 12.Re1 b4 13.Na4 Bd7 14.Bxd6 Bxa4 15.Qxa4 Qxd6 16.e5 Qd7
17.Qb3 Nxd5 18.Rad1 Nc7 19.Be4 Qe7 20.Bxa8 Nxa8 21.Rd6 Nc7 22.Qd3 Ne6 23.a3 Qc7
24.Re4 Bf8 25.Rd5 bxa3 26.bxa3 Qb7 27.Qc4 Nc6 28.Rd1 Ncd4 29.Re3 Nf4 30.Kh2 Bh6
31.Rc3 Nfe2 32.Rcd3 Nxf3+ 33.Rxf3 Nd4 34.Rf6 Rxe5 35.Qxa6 Bf4+ 36.Kh1 Qe4
37.Qc4 Qe1+ 38.Qf1 Qxf1+ 39.Rxf1 Ne6 40.g3 Bd2 41.Rd1 Rd5 42.Rf3 c4 43.a4 Rd8
44.a5 c3  0-1

[Event "2nd Hyderabad GM Open 2013"]
[Site "Hyderabad IND"]
[Date "2013.11.29"]
[Round "6.11"]
[White "Neverov,V"]
[Black "Praveen Kumar,C1"]
[Result "1-0"]
[WhiteElo "2508"]
[BlackElo "2281"]

1.d4 e6 2.Nf3 Nf6 3.c4 c5 4.d5 exd5 5.cxd5 d6 6.Nc3 g6 7.Nd2 Bg7 8.e4 O-O
9.Be2 Re8 10.O-O Na6 11.f3 Nc7 12.a4 b6 13.Nc4 Ba6 14.Bg5 Qd7 15.Kh1 Nh5
16.g4 Bxc4 17.Bxc4 Nf6 18.Qd2 a6 19.Qf4 Qe7 20.Rab1 Bh8 21.b4 h6 22.Bxh6 Nh7
23.bxc5 bxc5 24.Ne2 Rab8 25.Qd2 g5 26.Ng3 Be5 27.Nf5 Qf6 28.Qa5 Na8 29.Qxa6 Rxb1
30.Rxb1 Bf4 31.Qc6 Qe5 32.Bg7 f6 33.Qd7 Nc7 34.Nh6+  1-0

[Event "9th Ugra Governor's Cup B"]
[Site "Khanty-Mansiysk RUS"]
[Date "2013.12.02"]
[Round "5"]
[White "Lichkun,D"]
[Black "Scherbakov,Mikhail"]
[Result "1/2-1/2"]
[WhiteElo "1991"]
[BlackElo "1785"]

1.d4 Nf6 2.c4 c5 3.d5 e6 4.Nc3 exd5 5.cxd5 d6 6.Nf3 g6 7.e4 a6 8.a4 Bg4 9.h3 Bxf3
10.gxf3 Bg7 11.Bg2 O-O 12.O-O Nh5 13.Qb3 b6 14.f4 Nd7 15.Ne2 Qh4 16.Be3 Rae8
17.Qc4 f5 18.Qxa6 Bxb2 19.Rab1 Bg7 20.a5  1/2-1/2

[Event "34th El Corte Ingles"]
[Site "Las Palmas ESP"]
[Date "2013.12.03"]
[Round "2.10"]
[White "Rodriguez Melian,J"]
[Black "Ramirez Maillo,Juan Adonay"]
[Result "0-1"]
[WhiteElo "2068"]
[BlackElo "1674"]

1.d4 Nf6 2.c4 c5 3.d5 e6 4.Nc3 exd5 5.cxd5 d6 6.Nf3 g6 7.g3 Bg7 8.Bg2 O-O
9.O-O a6 10.a4 Nbd7 11.Bf4 Qe7 12.h3 Nh5 13.Bg5 f6 14.Bd2 f5 15.Re1 Ne5 16.Ng5 f4
17.Nge4 fxg3 18.fxg3 Nxg3 19.Nxg3 Qh4 20.Nce4 Bxh3 21.Bg5 Qg4 22.Ra3 Bxg2
23.Kxg2 h5 24.Be7 Rf4 25.Nf2 Rxf2+ 26.Kxf2 h4 27.Nh1 Qe4 28.Rg1 Ng4+ 29.Rxg4 Qxg4
30.Rf3 Re8 31.Bxd6 Bd4+ 32.Kf1 Qg1+  0-1

[Event "ch-IRI 2013"]
[Site "Tabriz IRI"]
[Date "2013.12.04"]
[Round "10.13"]
[White "Asgharzadeh,M.reza"]
[Black "Asgarizadeh,A"]
[Result "0-1"]
[WhiteElo "2143"]
[BlackElo "2267"]

1.d4 Nf6 2.c4 c5 3.d5 e6 4.Nc3 exd5 5.cxd5 d6 6.Nf3 g6 7.Nd2 Nbd7 8.e4 Bg7
9.Be2 O-O 10.O-O Re8 11.Qc2 a6 12.a4 Ne5 13.f4 Neg4 14.Nf3 Nxe4 15.Nxe4 Bf5
16.Bd3 c4 17.Qxc4 Bxe4 18.Bxe4 Qb6+ 19.Kh1 Rac8 20.Qd3 Nf2+ 21.Rxf2 Qxf2
22.Bd2 f5 23.Ng5 fxe4 24.Nxe4 Qb6 25.Bc3 Bxc3 26.bxc3 Rf8 27.h3 Rxf4 28.Ng5 Rf5
29.Rb1 Qd8 30.Ne6 Qf6 31.c4 Re8 32.Kg1 Re7 33.Qg3 Qe5 34.Qh4 Qf6 35.Qxf6 Rxf6
36.Rb6 Rd7 37.Nc5 Re7 38.Nxb7 Re2 39.Rb3 Rc2 40.c5 dxc5 41.d6 Rf7 42.Rd3 Rd7
43.Rd5 Kf7 44.Nxc5 Rd8 45.Nb7 Ke6 46.Rd3 Rd7 47.Rb3 Kd5 48.Rd3+ Kc6 49.Na5+ Kb6
50.Nb3 Rc6 51.Nd2 Rc2 52.Nf3 Rc5 53.Nd2 Kc6 54.Ne4 Rc4 55.Re3 Rd8 56.a5 Kd5
57.Nf6+ Kxd6 58.Ne8+ Kc6 59.Nf6 h5 60.Rg3 Rd1+ 61.Kh2 h4 62.Rxg6 Rcc1 63.Ne4+ Kb5
64.Rg5+ Ka4 65.Ng3 hxg3+ 66.Kxg3 Rd3+ 67.Kh4  0-1

[Event "IV JAHV McGregor 2013"]
[Site "Bogota COL"]
[Date "2013.12.05"]
[Round "2.39"]
[White "Parra,Diego Alexander"]
[Black "Aliaga Fernandez,I"]
[Result "1/2-1/2"]
[WhiteElo "1909"]
[BlackElo "2179"]

1.d4 Nf6 2.Nf3 c5 3.d5 d6 4.c4 e6 5.Nc3 exd5 6.cxd5 g6 7.e4 Bg7 8.Be2 O-O
9.h3 Re8 10.Qc2 Na6 11.a3 Nc7 12.O-O a6 13.a4 Rb8 14.a5 Bd7 15.Re1 Nb5 16.Bd3 Rc8
17.Bf4 Nh5 18.Bh2 Nd4 19.Qd1 c4 20.Nxd4 Bxd4 21.Bf1 Be5 22.Qd2 Bxh2+ 23.Kxh2 Rc5
24.g4 Ng7 25.f3 Rxa5 26.Bxc4 Rxa1 27.Rxa1 Qf6 28.Kg2 Rc8 29.Be2 h5 30.Na4 Bxa4
31.Rxa4 g5 32.Rc4 Rxc4 33.Bxc4 Qe5 34.Qc3 Qf4 35.Bd3 Ne8 36.gxh5 f6 37.h6 Kh7
38.e5+ Kxh6 39.e6  1/2-1/2

[Event "34th El Corte Ingles"]
[Site "Las Palmas ESP"]
[Date "2013.12.05"]
[Round "4.9"]
[White "Rodriguez Melian,J"]
[Black "Diaz Perez,Jose Juan"]
[Result "0-1"]
[WhiteElo "2068"]
[BlackElo "1758"]

1.d4 Nf6 2.c4 c5 3.d5 e6 4.Nc3 exd5 5.cxd5 d6 6.Nf3 g6 7.g3 Bg7 8.Bg2 O-O
9.O-O a6 10.a4 Nbd7 11.Nd2 Nh5 12.Nc4 Ne5 13.Na3 f5 14.h3 f4 15.Ne4 Bf5 16.g4 Bxe4
17.Bxe4 Qh4 18.Bg2 f3 19.exf3 Nf4 20.Bxf4 Rxf4 21.Re1 Raf8 22.Re3 h5 23.gxh5 Qxh5
24.Qe2 R8f5 25.Re4 Rxf3 26.Bxf3 Nxf3+ 27.Kg2 Rg5+ 28.Rg4 Rxg4+ 29.hxg4 Qxg4+
30.Kh1 Qh3+  0-1

[Event "IV JAHV McGregor 2013"]
[Site "Bogota COL"]
[Date "2013.12.06"]
[Round "4.32"]
[White "Gomez Ledo,R"]
[Black "Zabaleta,L"]
[Result "1-0"]
[WhiteElo "2424"]
[BlackElo "2113"]

1.d4 Nf6 2.c4 c5 3.d5 e6 4.Nc3 exd5 5.cxd5 d6 6.Nf3 g6 7.Bf4 Bg7 8.Qa4+ Bd7
9.Qb3 Qc7 10.h3 O-O 11.e3 a6 12.a4 b6 13.Nd2 Ne8 14.Nc4 b5 15.axb5 Bxc3+
16.Qxc3 Bxb5 17.Bh6 f6 18.Bxf8 Kxf8 19.Be2 Nd7 20.O-O Rb8 21.Rfe1 Kg7 22.Na5 Nb6
23.Qd2 f5 24.e4 fxe4 25.Bxb5 axb5 26.Nc6 Nf6 27.Nxb8 Qxb8 28.f3 Nc4 29.Qc2 e3
30.b3 Ne5 31.Rxe3 Nxd5 32.Rxe5 dxe5 33.Qxc5  1-0

[Event "34th El Corte Ingles"]
[Site "Las Palmas ESP"]
[Date "2013.12.07"]
[Round "7.6"]
[White "De la Cruz Sanchez,G"]
[Black "Morales Quintero,J"]
[Result "1-0"]
[WhiteElo "2256"]
[BlackElo "1940"]

1.d4 Nf6 2.Nf3 e6 3.c4 c5 4.d5 exd5 5.cxd5 d6 6.Nc3 g6 7.h3 Bg7 8.e4 O-O
9.Bd3 Na6 10.O-O Nc7 11.Re1 Re8 12.a4 b6 13.Nd2 Ba6 14.Nb5 Bxb5 15.axb5 Qd7
16.Nc4 Nxb5 17.Qa4 Rab8 18.Bf4 Rb7 19.Ne5 dxe5 20.Bxb5 Qd8 21.Bxe8 Nxe8 22.Bg5 f6
23.Bd2 a5 24.Ra3 Nd6 25.Qc6 Rb8 26.Raa1 Bf8 27.b3 Rc8 28.Qa4 c4 29.Rac1 cxb3
30.Rxc8 Qxc8 31.Qxb3 Qa6 32.Qa4 Qc4 33.Qd7 Nxe4 34.Qe6+ Kg7 35.Rc1 Nxd2 36.Rxc4 Nxc4
37.Qd7+ Kh6 38.Qb5 Nd2 39.Qd3 Bb4 40.d6 b5 41.d7 Be7 42.d8=Q Bxd8 43.Qxd8  1-0

[Event "IV JAHV McGregor 2013"]
[Site "Bogota COL"]
[Date "2013.12.08"]
[Round "9.83"]
[White "Rivera Quintero,Ramon Alberto"]
[Black "Estrella Becerra,Fernando"]
[Result "1-0"]
[WhiteElo "1746"]
[BlackElo "2039"]

1.d4 Nf6 2.c4 e6 3.Nf3 c5 4.d5 exd5 5.cxd5 d6 6.Nc3 g6 7.e4 Bg7 8.Bd3 O-O
9.O-O Re8 10.Re1 a6 11.Bg5 b5 12.Rb1 Nbd7 13.Ne2 h6 14.Bxf6 Nxf6 15.Ng3 Ra7
16.h3 Rae7 17.b3 Nd7 18.Qc1 Kh7 19.Kh1 Qa5 20.a3 Qc3 21.Qxc3 Bxc3 22.Rec1 Bg7
23.Kg1 Ne5 24.Nxe5 Bxe5 25.Ne2 g5 26.f3 Rg8 27.Rf1 Bf4 28.Nxf4 gxf4 29.Kh2 Re5
30.a4 Rg3 31.axb5 axb5 32.Bxb5 Rh5 33.Rf2 Bxh3 34.Kg1 Rhg5 35.Bf1 h5 36.b4 cxb4
37.Rxb4 h4 38.Rb6 Rg6 39.Rb7 Kg7 40.Rc7  1-0

[Event "63rd ch-HUN 2013"]
[Site "Gyula HUN"]
[Date "2013.12.08"]
[Round "6.2"]
[White "Berkes,F"]
[Black "Nagy,Ga1"]
[Result "1/2-1/2"]
[WhiteElo "2677"]
[BlackElo "2404"]

1.d4 Nf6 2.c4 c5 3.d5 e6 4.Nc3 exd5 5.cxd5 d6 6.Nf3 g6 7.Bf4 a6 8.a4 Bg7
9.h3 O-O 10.e3 Qe7 11.Be2 Nbd7 12.O-O Ne8 13.Nd2 Ne5 14.Bh2 f5 15.Qc2 Rb8
16.Kh1 Bd7 17.a5 g5 18.f4 Ng6 19.fxg5 Qxg5 20.Nc4 Be5 21.Nb6 Nf6 22.Nxd7 Nxd7
23.Bd3 Bxh2 24.Kxh2 Ne7 25.Rf4 Ne5 26.Raf1 N7g6 27.Rxf5 Qxe3 28.Be4 Kg7 29.Qb3 Rxf5
30.Rxf5 b5 31.axb6 c4 32.Qc2 Rxb6 33.Rf1 Rb7 34.Ne2 Rf7 35.Rxf7+ Kxf7 36.Ng3 Qf4
37.Qe2 a5 38.Bc2 Kg7 39.Qe4 h5 40.Qxf4 Nxf4 41.Nf5+ Kf6 42.Nxd6  1/2-1/2

[Event "Porec Open 2013"]
[Site "Porec CRO"]
[Date "2013.12.08"]
[Round "7.13"]
[White "Orel,S"]
[Black "Ghersinich,Enrico"]
[Result "0-1"]
[WhiteElo "1989"]
[BlackElo "1593"]

1.d4 Nf6 2.c4 e6 3.Nf3 c5 4.d5 exd5 5.cxd5 d6 6.Nc3 g6 7.e4 Nbd7 8.Bd3 a6
9.a4 Bg7 10.O-O O-O 11.h3 Re8 12.Re1 Qc7 13.Bf4 b6 14.Qd2 Bb7 15.Bh6 Rad8
16.Bxg7 Kxg7 17.Re3 c4 18.Bc2 Nc5 19.Qd4 Nd7 20.Nd2 Rc8 21.Ne2 b5 22.axb5 axb5
23.Nc3 Qc5 24.Qxc5 Rxc5 25.Ra7 Rb8 26.Bd1 Nb6 27.b4 cxb3 28.Nxb3 Rcc8 29.Nxb5 Nc4
30.Re1 Nxe4 31.Bg4 Bxd5 32.Bxc8 Rxb5 33.Nd4 Rb2 34.Ne2 Ne5 35.Ra3 Bc4 36.Nc3 Nxf2
37.Ba6 Nxh3+ 38.Kh1 Bxa6 39.Rxa6 Nf4 40.Rxd6 Ng4 41.Rd4 Nxg2 42.Re2 Rxe2
43.Nxe2 N2e3 44.Nf4 h5 45.Ra4 f6 46.Ra7+ Kh6 47.Ne6 g5 48.Nf8 Nf2+ 49.Kg1 Nh3+
50.Kh2 g4 51.Rh7+ Kg5 52.Ne6+ Kh4 53.Rg7 g3+ 54.Kh1 f5  0-1

[Event "5th Penang Open 2013"]
[Site "George Town MAS"]
[Date "2013.12.09"]
[Round "1.21"]
[White "Chan,Marc"]
[Black "Ho,Jei-Chen"]
[Result "1-0"]
[WhiteElo "2227"]
[BlackElo "1694"]

1.d4 Nf6 2.c4 e6 3.Nc3 c5 4.d5 exd5 5.cxd5 d6 6.Nf3 g6 7.h3 Bg7 8.e4 O-O
9.Bd3 Re8 10.O-O a6 11.a4 Qc7 12.Re1 Nbd7 13.Bf4 Nh5 14.Bh2 Ne5 15.Be2 Nd7
16.Nd2 Nhf6 17.Nc4 Bf8 18.Bf1 b6 19.f4 Rb8 20.e5 b5 21.axb5 axb5 22.Nxd6 Bxd6
23.Nxb5 Rxb5 24.Bxb5 c4 25.Bxd7 Bc5+ 26.Kh1 Nxd7 27.Qa4 Bd4 28.Rac1 Bxb2
29.Rxc4 Qd8 30.Qb3 Qb6 31.Rb4 Qf2 32.Bg3 Qc5 33.Qxb2 Qxd5 34.Rd4 Qc6 35.Rc1 Qa6
36.Rd6 Qa8 37.Qd4 Bb7 38.Rxd7  1-0

[Event "5th Penang Open 2013"]
[Site "George Town MAS"]
[Date "2013.12.12"]
[Round "7.3"]
[White "Biag,Ivan Gil"]
[Black "Yeoh,L"]
[Result "1/2-1/2"]
[WhiteElo "2279"]
[BlackElo "2302"]

1.d4 Nf6 2.c4 c5 3.d5 e6 4.Nc3 exd5 5.cxd5 d6 6.Nf3 g6 7.h3 a6 8.a4 Bg7 9.e4 O-O
10.Bd3 Nh5 11.O-O Nd7 12.Be3 Re8 13.Qd2 Ne5 14.Nxe5 Bxe5 15.Rfe1 Qh4 16.Bg5 Bf4
17.Qxf4 Qxf4 18.Bxf4 Nxf4 19.Bf1 Re5 20.a5 Bd7 21.Ra3 Rae8 22.Rb3 Bc8 23.Rd1 g5
24.Rb6 Rd8 25.b4 cxb4 26.Rxb4 Re7 27.Na4 f5 28.exf5 Bxf5 29.Rc4 Rde8 30.Rcc1 Ne2+
31.Bxe2 Rxe2 32.Nb6 Ra2 33.Ra1 Ree2 34.Rxa2 Rxa2 35.Nc4 Bc2 36.Rc1 Bd3 37.Nxd6 Rxa5
38.Rc8+ Kg7 39.Rc7+ Kf8 40.Nxb7 Rxd5 41.Nc5 Bb5 42.Nxa6 Bxa6 43.Rxh7 Bd3
44.Rc7 Bb5  1/2-1/2

[Event "Pavlodar Open 2013"]
[Site "Pavlodar KAZ"]
[Date "2013.12.12"]
[Round "4.11"]
[White "Jumabayev,R"]
[Black "Balguzhinov,B"]
[Result "1-0"]
[WhiteElo "2561"]
[BlackElo "2183"]

1.Nf3 Nf6 2.d4 c5 3.d5 e6 4.c4 d6 5.Nc3 exd5 6.cxd5 g6 7.g3 Bg7 8.Bg2 O-O
9.O-O a6 10.a4 Re8 11.Nd2 Nbd7 12.h3 Rb8 13.a5 Qc7 14.Nc4 Ne5 15.Ne3 Ned7
16.Qc2 Nf8 17.Nc4 N8d7 18.Bf4 Bf8 19.g4 b5 20.axb6 Nxb6 21.Na5 Bd7 22.Rfe1 Nc8
23.Nc6 Rb4 24.Qd2 Rb6 25.e4 Qb7 26.Bg5 Nxg4 27.hxg4 Rxb2 28.Qf4 Qb3 29.Nd1 Ra2
30.Rxa2 Qxa2 31.Bf6 Nb6 32.Ne3 Nc4 33.Ra1 Qb3 34.Nf5 Bxf5 35.exf5 Nb6 36.fxg6 fxg6
37.Qf3 Qc2 38.g5 h5 39.Bh3 Qd2 40.Be6+ Kh7 41.Rd1  1-0

[Event "5th Penang Open 2013"]
[Site "George Town MAS"]
[Date "2013.12.13"]
[Round "8.39"]
[White "Tan,Jun Ying"]
[Black "Ooi,Zhi Yang"]
[Result "1-0"]
[WhiteElo "1710"]
[BlackElo "1803"]

1.d4 c5 2.d5 Nf6 3.c4 e6 4.Nc3 exd5 5.cxd5 d6 6.Nf3 g6 7.h3 Bg7 8.e4 O-O
9.Bd3 Re8 10.O-O a6 11.a4 Nbd7 12.Bf4 Qc7 13.Nd2 Nh5 14.Bh2 Rb8 15.a5 Bh6
16.f4 Bg7 17.g4 Nhf6 18.Nc4 b5 19.axb6 Nxb6 20.e5 Nxc4 21.Bxc4 Nd7 22.Ne4 Bf8
23.e6 Nb6 24.Nf6+ Kh8 25.Nxe8 Qe7 26.Nxd6  1-0

[Event "6th Kolkata Open"]
[Site "Kolkata IND"]
[Date "2013.12.14"]
[Round "10.1"]
[White "Mozharov,M"]
[Black "Pantsulaia,L"]
[Result "1/2-1/2"]
[WhiteElo "2535"]
[BlackElo "2605"]

1.d4 Nf6 2.c4 c5 3.d5 e6 4.Nc3 exd5 5.cxd5 d6 6.Nf3 g6 7.h3 Bg7 8.e4 O-O
9.Bd3 a6 10.a4 Nh5 11.O-O Nd7 12.Bg5 Bf6 13.Bh6 Bg7 14.Bg5 Bf6 15.Bh6 Bg7
16.Bg5 Bf6  1/2-1/2

[Event "Pavlodar Open 2013"]
[Site "Pavlodar KAZ"]
[Date "2013.12.15"]
[Round "6.12"]
[White "Nikitin,And"]
[Black "Grebenschikov,V"]
[Result "1-0"]
[WhiteElo "2462"]
[BlackElo "2219"]

1.d4 Nf6 2.c4 e6 3.Nf3 c5 4.d5 exd5 5.cxd5 d6 6.Nc3 a6 7.a4 b6 8.e4 Be7 9.h3 O-O
10.Bd3 Ne8 11.O-O Nd7 12.Bf4 f6 13.Nd2 Ne5 14.Be2 Ng6 15.Bg3 f5 16.exf5 Bxf5
17.Nc4 Bf6 18.Bg4 Nh4 19.Ne3 Bxg4 20.Qxg4 Ng6 21.Rae1 Ra7 22.Nc4 Re7 23.Re6 Bxc3
24.bxc3 Nf6 25.Qf5 b5 26.axb5 axb5 27.Rxe7 bxc4 28.Qe6+ Kh8 29.Bxd6 Qa8 30.Re1 Nxe7
31.Bxe7 Re8 32.d6 Qc6 33.Re3 h6 34.Rg3 Nh5 35.d7  1-0

[Event "20th Zadar Open A 2013"]
[Site "Zadar CRO"]
[Date "2013.12.18"]
[Round "6.10"]
[White "Franic,M"]
[Black "Cvitan,O"]
[Result "0-1"]
[WhiteElo "2394"]
[BlackElo "2558"]

1.d4 Nf6 2.c4 e6 3.Nf3 c5 4.d5 d6 5.Nc3 exd5 6.cxd5 g6 7.e4 Bg7 8.Be2 O-O
9.O-O Bg4 10.Nd2 Bxe2 11.Qxe2 Nbd7 12.Nc4 Nb6 13.Ne3 Qe7 14.Qc2 Rae8 15.f3 Nh5
16.Bd2 f5 17.exf5 Bd4 18.Rae1 Nc4 19.Nd1 Nxd2 20.Qxd2 Rxf5 21.g4 Re5 22.gxh5 Bxe3+
23.Nxe3 Rxe3 24.Rxe3 Qxe3+ 25.Rf2 Re5 26.hxg6 hxg6 27.Kg2 Qg5+ 28.Kf1 Rxd5
29.Qc2 Qf5 30.Qb3 Qd3+ 31.Qxd3 Rxd3 32.Kg2 Kf7 33.Re2 d5 34.Kg3 Kf6 35.Kf4 Rd4+
36.Ke3 a5 37.a3 g5 38.Re1 Rh4 39.Rc1 c4 40.a4 Ke5  0-1

[Event "51st ch-IND Premier 2013"]
[Site "Jalgaon IND"]
[Date "2013.12.19"]
[Round "3.7"]
[White "Thejkumar,M"]
[Black "Rathnakaran,K"]
[Result "1-0"]
[WhiteElo "2452"]
[BlackElo "2411"]

1.d4 Nf6 2.c4 c5 3.d5 e6 4.Nc3 exd5 5.cxd5 d6 6.Nf3 g6 7.Nd2 Bg7 8.e4 O-O
9.Be2 Re8 10.O-O b6 11.a4 Na6 12.a5 bxa5 13.Bb5 Re7 14.Re1 Nb4 15.Nc4 Ng4
16.h3 Ne5 17.Nxa5 c4 18.Bg5 f6 19.Be3 Nbd3 20.Re2 g5 21.Nc6 Nxc6 22.dxc6 Ne5
23.c7 Qf8 24.Qxd6 Nf7 25.Bxc4 Kh8 26.Qc5 Bb7 27.Bd5 Rc8 28.Bxb7 Rcxc7 29.Bc6 Ne5
30.Nd5 Nxc6 31.Nxe7  1-0

[Event "51st ch-IND Premier 2013"]
[Site "Jalgaon IND"]
[Date "2013.12.20"]
[Round "4.1"]
[White "Debashis,D"]
[Black "Rathnakaran,K"]
[Result "1-0"]
[WhiteElo "2507"]
[BlackElo "2411"]

1.d4 Nf6 2.c4 c5 3.d5 e6 4.Nc3 exd5 5.cxd5 d6 6.Nf3 g6 7.Bf4 a6 8.a4 Bg7
9.h3 O-O 10.e3 Qe7 11.Be2 Nbd7 12.O-O Ne8 13.a5 Rb8 14.Ra3 b5 15.axb6 Rxb6
16.Qc2 Nc7 17.Nd2 Ne5 18.Rfa1 Bb7 19.Bxe5 Bxe5 20.Nc4 Rb4 21.Na2 Rb5 22.Nxe5 Qxe5
23.Bxb5 Nxb5 24.Rd3 Bxd5 25.Qd1 Be4 26.Rd2 c4 27.Rc1 Rc8 28.Nc3 Rc6 29.Nxe4 Qxe4
30.Qg4 Qe7 31.Rxc4 Qc7 32.Rdc2 Rxc4 33.Qxc4 Qa5 34.Rc1 Kg7 35.Qc2 h5 36.b3 Qa3
37.Rb1 f6 38.Qb2 Qc5 39.Ra1 Nc7 40.Rc1 Qb6 41.Qd4  1-0

[Event "51st ch-IND Premier 2013"]
[Site "Jalgaon IND"]
[Date "2013.12.27"]
[Round "10.4"]
[White "Akshat,Kh"]
[Black "Rathnakaran,K"]
[Result "0-1"]
[WhiteElo "2409"]
[BlackElo "2411"]

1.d4 Nf6 2.c4 c5 3.d5 e6 4.Nc3 exd5 5.cxd5 d6 6.Nf3 g6 7.Nd2 a6 8.a4 Nbd7
9.e4 Bg7 10.Be2 O-O 11.O-O Re8 12.f4 Rb8 13.e5 dxe5 14.Nc4 e4 15.Nd6 Re7
16.Be3 Nb6 17.Bxc5 Rd7 18.a5 Rxd6 19.Bxd6 Qxd6 20.axb6 Qxb6+ 21.Kh1 Qxb2
22.Na4 Qb4 23.Rb1 Qd6 24.Nb6 Bf5 25.Qb3 h5 26.Rbd1 Bg4 27.Rde1 Bxe2 28.Rxe2 Re8
29.Rd1 h4 30.g3 hxg3 31.hxg3 Nh5 32.Kg2 Bh6 33.Qa4 Rd8 34.Nc4 Qf6 35.Nd2 Nxg3
36.Nxe4 Qxf4 37.Qa5 Nxe4 38.Qxd8+ Kg7 39.Rd3 Qg4+ 40.Kf1 Bg5 41.Qc7 Qf5+
42.Kg1 Bf4 43.Qc4 Qg5+ 44.Kf1 Ng3+ 45.Rxg3 Bxg3 46.Qb3 Qf4+ 47.Kg2 Bh4 48.Qb2+ Bf6
49.Qxb7 Bd4 50.Qd7 Qg5+ 51.Kf3 Qh5+ 52.Ke4 Qxe2+ 53.Kxd4 g5 54.d6 g4 55.Qe7 Qd2+
56.Kc4 Qf4+ 57.Kb3 Qf6 58.Qc7 Qf3+ 59.Kc2 Qe2+ 60.Kb3 Qe3+ 61.Kc2 g3 62.d7 g2
63.d8=Q g1=Q 64.Qc3+ Qxc3+ 65.Kxc3 Qc5+ 66.Kd3 a5 67.Qa8 Qb5+ 68.Kd4 a4 69.Qg2+ Kf8
70.Qh2 Qb6+ 71.Kc3 a3 72.Qh8+ Ke7 73.Qe5+ Qe6 74.Qc5+ Kf6 75.Qf2+ Kg7 76.Qg1+ Qg6
77.Qa7 Qf6+ 78.Kd3 Qf3+ 79.Kc4 Qe2+ 80.Kb3 Qb2+ 81.Kc4 a2 82.Qg1+ Kh7 83.Qh1+ Kg8  0-1

[Event "6th Marseille Open 2013"]
[Site "Marseille FRA"]
[Date "2013.12.28"]
[Round "5.1"]
[White "Naumkin,I"]
[Black "Nikolov,Mo"]
[Result "1-0"]
[WhiteElo "2445"]
[BlackElo "2529"]

1.d4 Nf6 2.c4 e6 3.Nf3 c5 4.d5 d6 5.Nc3 exd5 6.cxd5 g6 7.e4 a6 8.a4 Bg4 9.Be2 Bxf3
10.Bxf3 Nbd7 11.O-O Bg7 12.Bf4 Qe7 13.Re1 O-O 14.a5 Ne8 15.Bg4 Ne5 16.Be2 Rb8
17.Qd2 Nc7 18.Bg5 f6 19.Bh4 b5 20.axb6 Rxb6 21.f4 Nf7 22.Bc4 Qd7 23.b3 Rfb8
24.Qd3 Nb5 25.Rxa6 Rxa6 26.Bxb5 Qg4 27.Bxa6 Qxh4 28.g3 Qh3 29.Nd1 Qd7 30.Bc4 Ra8
31.Kg2 Nh6 32.Re2 Ra1 33.Nf2 Nf7 34.Qf3 Ra8 35.h4 Re8 36.Ng4 f5 37.exf5 gxf5
38.Rxe8+ Qxe8 39.Ne3 Nh6 40.Bd3 Qg6 41.Qe2 Qf7 42.Qf3 Bd4 43.Nc4 Qf6 44.Qe2 Kf8
45.Qa2 Qe7 46.Qe2 Qf6 47.Nb6 Qf7 48.Qe6 Qxe6 49.dxe6 Ke7 50.Bc4 Kf6 51.Nc8 Ng8
52.Nxd6 Ne7 53.h5 Nc6 54.Bd3 Ne7 55.Nxf5 Nxf5 56.Bxf5 h6 57.g4 Be3 58.Kf3 Bc1
59.Ke4 Ke7 60.Ke5 Bb2+ 61.Kd5 Bc1 62.g5 hxg5 63.fxg5 Bxg5 64.Kxc5 Be3+ 65.Kd5 Bd2
66.Kc4  1-0

[Event "26th Staufer-Open A 2014"]
[Site "Schwaebisch Gmuend GER"]
[Date "2014.01.03"]
[Round "4.31"]
[White "Hahn,Markus"]
[Black "Beckers,Manfred"]
[Result "1-0"]
[WhiteElo "2206"]
[BlackElo "2046"]

1.d4 Nf6 2.c4 e6 3.Nf3 c5 4.d5 exd5 5.cxd5 d6 6.Nc3 g6 7.e4 Bg7 8.h3 a6 9.a4 O-O
10.Bd3 Nbd7 11.O-O Re8 12.Bf4 Qc7 13.Re1 Rb8 14.Bf1 c4 15.Bh2 b5 16.axb5 axb5
17.Nd4 Qc5 18.Nc6 Rb6 19.Rc1 Bb7 20.b4 cxb3 21.Nb1  1-0

[Event "26th Staufer-Open A 2014"]
[Site "Schwaebisch Gmuend GER"]
[Date "2014.01.03"]
[Round "4.24"]
[White "Thomas,In"]
[Black "Taras,M"]
[Result "1-0"]
[WhiteElo "2161"]
[BlackElo "2052"]

1.d4 e6 2.Nf3 Nf6 3.c4 c5 4.d5 exd5 5.cxd5 d6 6.Nc3 g6 7.Bf4 Bg7 8.Qa4+ Kf8
9.Qb3 Nh5 10.Bd2 b6 11.e4 a6 12.a4 Ra7 13.Be2 h6 14.Be3 Re7 15.Nd2 Nd7 16.Nc4 Be5
17.Nxe5 Nxe5 18.h3 Ng7 19.O-O f5 20.f3 Rf7 21.f4 Nd7 22.Rae1 Kg8 23.e5 dxe5
24.fxe5 Nxe5 25.Bf4 c4 26.Bxc4 Nxc4 27.Qxc4 Kh7 28.d6 Rhf8 29.Rf2 Nh5 30.Be5 f4
31.Nd5 Qh4 32.g4 b5 33.axb5 axb5 34.Qd4 Bb7 35.Rc1 Bxd5 36.Qxd5 f3 37.Rc7 Rxc7
38.dxc7 Nf4 39.Qd7+  1-0

[Event "Cracovia Open A 2013-14"]
[Site "Krakow POL"]
[Date "2014.01.04"]
[Round "9.15"]
[White "Lomakin,V"]
[Black "Aliavdin,N"]
[Result "0-1"]
[WhiteElo "2209"]
[BlackElo "2369"]

1.d4 Nf6 2.c4 c5 3.d5 e6 4.Nc3 exd5 5.cxd5 d6 6.Nf3 g6 7.Nd2 Nbd7 8.e4 Bg7
9.Be2 O-O 10.O-O Re8 11.a4 Ne5 12.Re1 Bg4 13.f3 Bd7 14.Nf1 Qb6 15.Qc2 h6
16.a5 Qb4 17.Bd2 c4 18.Be3 g5 19.Ng3 Rec8 20.Red1 Ng6 21.Ra3 Nh7 22.Nh5 Be5
23.g3 Nf6 24.f4 Ng4 25.Bxg4 Bxg4 26.fxe5 Bxh5 27.Rf1 Nxe5 28.Kg2 Bg6 29.Bd4 Re8
30.Ra4 Qb3 31.Qxb3 cxb3 32.Bxe5 Rxe5 33.g4 Rc8 34.Kf3 Rc5 35.Rd1 Kg7 36.Rdd4 Re7
37.Rdb4 Kf6 38.Rxb3 Ke5 39.Ke3 h5 40.h3 Rec7 41.Rbb4 a6 42.Kf3 h4 43.Nd1 Rc2
44.Nf2 Rd2 45.Rc4 Rxc4 46.Rxc4 Rd4 47.Rc7 Bxe4+ 48.Ke3 Bg6 49.Rxb7 Ra4 50.Nd1 Rxa5
51.Nc3 Ra1 52.Re7+ Kf6 53.Rd7 Rh1 54.Rxd6+ Ke5 55.Rd8 Rxh3+ 56.Kf2 Rh2+ 57.Ke3 Rxb2
58.Re8+ Kd6 59.Rd8+ Kc7 60.Rh8 Rb4 61.Ra8 Rxg4 62.Rxa6 Rg3+ 63.Kd4 Rd3+ 64.Kc4 Rd2
65.Nb5+ Kb7 66.Ra3 g4 67.Nd4 h3 68.d6 h2 69.d7 Rxd4+  0-1

[Event "26th Staufer-Open A 2014"]
[Site "Schwaebisch Gmuend GER"]
[Date "2014.01.05"]
[Round "8.17"]
[White "Thomas,In"]
[Black "Henrich,T"]
[Result "0-1"]
[WhiteElo "2161"]
[BlackElo "2231"]

1.d4 Nf6 2.c4 e6 3.Nf3 c5 4.d5 d6 5.Nc3 exd5 6.cxd5 g6 7.Bf4 a6 8.Nd2 Nh5
9.Qa4+ b5 10.Qe4+ Be7 11.Bh6 Nd7 12.Qc2 Ndf6 13.h3 b4 14.Ncb1 Nxd5 15.g4 Nhf6
16.Bg2 Bb7 17.O-O Qd7 18.Nc4 Rb8 19.Rd1 Qe6 20.Qa4+ Nd7 21.e4 Nc7 22.Nb6 Bc8
23.Nxc8 Rxc8 24.e5 d5 25.Nd2 Rg8 26.Nc4 g5 27.f4 Qxh6 28.f5 Rd8 29.Bxd5 Nxd5
30.Rxd5 Qxh3 31.Nb6 Qxg4+ 32.Kh1 Qxf5 33.Nxd7 Rxd7 34.Rad1 Kf8 35.Qxd7 Qf3+
36.Kg1 Qe3+ 37.Kg2 g4 38.Rf1 Qh3+ 39.Kg1 Qg3+ 40.Kh1 Rg6 41.Rd6 Qh3+ 42.Kg1 Qg3+
43.Kh1 Qxe5 44.Rxg6 Qe4+ 45.Kg1 hxg6 46.Qc8+ Kg7 47.Qe8 Qd4+ 48.Kg2 Qd5+
49.Kg1 Bf6 50.b3 Bd4+ 51.Kh2 Qh5+ 52.Kg2 Qh3+  0-1

[Event "Prague Open A 2014"]
[Site "Prague CZE"]
[Date "2014.01.11"]
[Round "2.4"]
[White "Hrbolka,L sr"]
[Black "Plischki,S"]
[Result "0-1"]
[WhiteElo "2156"]
[BlackElo "2440"]

1.d4 Nf6 2.c4 e6 3.Nf3 c5 4.d5 d6 5.Nc3 exd5 6.cxd5 g6 7.Bf4 Bg7 8.Qa4+ Bd7
9.Qb3 Qc7 10.e4 O-O 11.Be2 Bg4 12.O-O Bxf3 13.Bxf3 a6 14.a4 Nbd7 15.a5 Rfe8
16.h3 Rab8 17.Rfc1 Ne5 18.Be2 b5 19.axb6 Rxb6 20.Qd1 Rb4 21.Ra4 a5 22.Rca1 Qe7
23.Qc2 Reb8 24.R1a2 Ned7 25.Bf3 Nb6 26.Rxa5 Nfxd5 27.Bg3 Nxc3 28.bxc3 Rc4
29.Ra7 Qe6 30.Bg4 Qe8 31.Bxd6 Rxc3 32.Qb1 Be5 33.Bxb8 Bxb8 34.Rb7 Bf4 35.Rc2 Qxe4
36.Rxb6 Rxc2 37.Rb8+ Bxb8 38.Qxb8+ Kg7 39.Bf3 Qd4  0-1

[Event "Prague Open A 2014"]
[Site "Prague CZE"]
[Date "2014.01.11"]
[Round "2.5"]
[White "Kohlweyer,B"]
[Black "Brzezinski,A"]
[Result "1-0"]
[WhiteElo "2437"]
[BlackElo "2152"]

1.d4 Nf6 2.c4 c5 3.d5 e6 4.Nc3 exd5 5.cxd5 d6 6.Nf3 g6 7.Bf4 a6 8.a4 Bg7
9.h3 O-O 10.e3 Re8 11.Nd2 Nbd7 12.Be2 Ne5 13.O-O Nfd7 14.Qc2 f5 15.Bg3 b6
16.Rfe1 Qf6 17.Kh1 Bb7 18.f4 Nf7 19.Bc4 Rf8 20.Qd3 g5 21.Nf3 Qg6 22.Bh2 Kh8
23.Qc2 Nf6 24.Bd3 Nxd5 25.Bxf5 Qh5 26.Nxd5 Bxd5 27.e4 Bb7 28.fxg5 Ne5 29.Nxe5 dxe5
30.a5 Qxg5 31.axb6 Rad8 32.Rad1 Qe7 33.Bg1 Rd4 34.Bxd4 exd4 35.e5 Bxe5 36.Be4 Bc8
37.b7 Bg4 38.Bf3 Bxf3 39.gxf3 Qh4 40.Qg2 Rg8 41.Rxe5 Rxg2 42.Kxg2  1-0

[Event "Prague Open A 2014"]
[Site "Prague CZE"]
[Date "2014.01.16"]
[Round "7.19"]
[White "Pons Carreras,D"]
[Black "Jacobsen,Fredrik Beer"]
[Result "1-0"]
[WhiteElo "2316"]
[BlackElo "1991"]

1.Nf3 Nf6 2.d4 e6 3.c4 c5 4.d5 exd5 5.cxd5 d6 6.Nc3 g6 7.Nd2 Bg7 8.Nc4 a6
9.a4 O-O 10.Bg5 Re8 11.e3 Qc7 12.Bf4 Bf8 13.Be2 Nbd7 14.O-O b6 15.Qb3 Rb8
16.Rfd1 Ne4 17.Nxe4 Rxe4 18.Qc2 Re8 19.e4 Ne5 20.Bxe5 dxe5 21.Qc3 Bd6 22.Rac1 f5
23.exf5 gxf5 24.f4 exf4 25.Bf3 Bd7 26.Qf6 Be5 27.d6 Qd8 28.Bd5+  1-0

[Event "Prague Open A 2014"]
[Site "Prague CZE"]
[Date "2014.01.17"]
[Round "9.6"]
[White "Vokac,M"]
[Black "Kanovsky,D"]
[Result "1/2-1/2"]
[WhiteElo "2427"]
[BlackElo "2404"]

1.d4 Nf6 2.c4 c5 3.d5 e6 4.Nc3 exd5 5.cxd5 d6 6.Nf3 g6 7.Bg5 Bg7 8.Nd2 h6
9.Bh4 a6 10.a4 g5 11.Bg3 Nh5 12.e3 Nxg3 13.hxg3 Qe7 14.Be2  1/2-1/2